000 00290nam a22001337a 4500
008 170411b xxu||||| |||| 00| 0 eng d
020 _a0815173563
041 _aeng
080 _a618
100 _a10
101 _aSHM
245 _aOBSTETRICS AND GYNECOLOGY
_cROCK.J.A
942 _2udc
_cBK
999 _c10312
_d10312